00573 2200217 4500001002100000005001500021008004100036020002400077035001900101041000700120082000800127090001400135100002100149700002300170700001900193245005100212260003300263300002600296500001100322650002200333INLIS00000000000002520241224112114241224||||||||| | ||| |||| || |  a979-8-979-076-186-5 0010-1224000025 aid0 a310 a310 MAM d0 aMaman Abdurahman0 aSambas Ali Muhidin0 aAting Somantri00aDasar-dasar Metode Statistika untuk Penelitian aBandungbPustaka Setiac2011 a23,5x16 cm, 352 hlm.; aCet. 1 0aMetode Statistika